000 00416nam a2200181Ia 4500
005 20250425161117.0
008 250425s9999 xx 000 0 und d
041 _aspa
082 _a516
100 _aBOLTYANSKII, V. G.
245 0 _aFIGURAS EQUIVALENTES Y EQUIDESCOMPONIBLES
250 _a1A ED.
260 _aMEXICO
260 _aMéxico
_bLIMUSA
_c1973
300 _a84
942 _c01
010 _a12890
999 _c202621
_d202621